Biblioteca y Centro de Documentación

Las publicaciones oficiales de los Parlamentos autonómicos (Registro nro. 30331)

Detalles MARC
000 -CABECERA
Longitud fija campo de control 01051naa a2200301 c 4500
001 - NÚMERO DE CONTROL
Número de control 30331
003 - IDENTIFICADOR DE NÚMERO DE CONTROL
Identificador del número de control ES-MaCES
005 - FECHA Y HORA DE LA ÚLTIMA TRANSACCIÓN
Fecha y hora de la última transacción 19990301112500.0
008 - CAMPO FIJO DE DESCRIPCIÓN FIJA--INFORMACIÓN GENERAL
Códigos de información de longitud fija   970916n1996 sp ||| | spa d
035 ## - NÚMERO DE CONTROL DEL SISTEMA
Número de control del sistema CES19980042804v
040 ## - FUENTE DE CATALOGACIÓN
Centro catalogador de origen ES-MaCES
Lengua de catalogación spa
Centro transcriptor ES-MaCES
100 1# - ENCABEZAMIENTO PRINCIPAL--NOMBRE PERSONAL
Nombre de persona García de la Oliva, Africa
9 (RLIN) 12844
245 14 - MENCIÓN DE TÍTULO
Título Las publicaciones oficiales de los Parlamentos autonómicos
Mención de responsabilidad, etc. Africa García de la Oliva, Eva Sainz, Consuelo Sánchez
650 #4 - ASIENTO SECUNDARIO DE MATERIA--TÉRMINO DE MATERIA
Término de materia o nombre geográfico como elemento inicial 1980-1995
9 (RLIN) 31145
650 #4 - ASIENTO SECUNDARIO DE MATERIA--TÉRMINO DE MATERIA
Término de materia o nombre geográfico como elemento inicial Comunidades Autónomas
9 (RLIN) 30768
650 #4 - ASIENTO SECUNDARIO DE MATERIA--TÉRMINO DE MATERIA
Término de materia o nombre geográfico como elemento inicial España
9 (RLIN) 26964
650 #4 - ASIENTO SECUNDARIO DE MATERIA--TÉRMINO DE MATERIA
Término de materia o nombre geográfico como elemento inicial parlamento
9 (RLIN) 27198
650 #4 - ASIENTO SECUNDARIO DE MATERIA--TÉRMINO DE MATERIA
Término de materia o nombre geográfico como elemento inicial publicación oficial
9 (RLIN) 28991
650 #4 - ASIENTO SECUNDARIO DE MATERIA--TÉRMINO DE MATERIA
Término de materia o nombre geográfico como elemento inicial publicación periódica
9 (RLIN) 28957
650 #4 - ASIENTO SECUNDARIO DE MATERIA--TÉRMINO DE MATERIA
Término de materia o nombre geográfico como elemento inicial diario oficial
9 (RLIN) 29630
653 10 - TÉRMINO DE INDEXACIÓN--NO CONTROLADO
Término no controlado Bibliografías
700 1# - ENCABEZAMIENTO SECUNDARIO--NOMBRE PERSONAL
Nombre de persona Sánchez, Consuelo
9 (RLIN) 23177
700 1# - ENCABEZAMIENTO SECUNDARIO--NOMBRE PERSONAL
Nombre de persona Sainz, Eva
9 (RLIN) 23025
773 0# - ENTRADA DE DOCUMENTO FUENTE
Título Revista de las Cortes Generales
Parte(s) relacionada(s) Madrid. - N. 39 (3er. cuatrim. 1996) ; p. 255-305
Número de control del registro relacionado (ES-MaCES)25283
902 ## - CES. TIPO DE DOCUMENTO
Tipodoc (006$c Sirtex) ART Artículo de revista
942 ## - ELEMENTOS KOHA
Fuente de clasificaión o esquema Clasificación propia del CES
Koha [por defecto] tipo de item Artículos (1982-2017)
Parte de clasificación 9.0.

No hay ítems disponibles.

© CES, Consejo Económico y Social de España 2021